MICROECONOMIC THEORY (Record no. 3589)
[ view plain ]
| 000 -LEADER | |
|---|---|
| fixed length control field | 00486cam a2200205ua 4500 |
| 008 - FIXED-LENGTH DATA ELEMENTS--GENERAL INFORMATION | |
| fixed length control field | 131204n2006 II |||gr||||Z||||||eng |
| 040 ## - CATALOGING SOURCE | |
| Original cataloging agency | MAIN |
| 041 ## - LANGUAGE CODE | |
| -- | English |
| 082 ## - DEWEY DECIMAL CLASSIFICATION NUMBER | |
| Classification number | 338.5 AND |
| 100 ## - MAIN ENTRY--PERSONAL NAME | |
| Personal name | ANDREU, MAS. |
| 245 ## - TITLE STATEMENT | |
| Title | MICROECONOMIC THEORY |
| 260 ## - PUBLICATION, DISTRIBUTION, ETC. | |
| Place of publication, distribution, etc. | NEW DELHI |
| Name of publisher, distributor, etc. | OXFORD UNIVERSITY PRESS |
| Date of publication, distribution, etc. | 2006 |
| 300 ## - PHYSICAL DESCRIPTION | |
| Extent | 981: |
| Dimensions | 23CM. |
| 700 ## - ADDED ENTRY--PERSONAL NAME | |
| Personal name | CORLL, MICHAL. |
| 700 ## - ADDED ENTRY--PERSONAL NAME | |
| Personal name | WHINSTON,WD. |
| 700 ## - ADDED ENTRY--PERSONAL NAME | |
| Personal name | JERRY, R.GREEN. |
| 942 ## - ADDED ENTRY ELEMENTS (KOHA) | |
| Koha item type | Books |
| 653 ## - INDEX TERM--UNCONTROLLED | |
| Uncontrolled term | Micro Economics |
| Withdrawn status | Lost status | Damaged status | Not for loan | Collection code | Home library | Current library | Shelving location | Date acquired | Total Checkouts | Full call number | Barcode | Date last seen | Date last checked out | Copy number | Price effective from | Koha item type | Public note |
|---|---|---|---|---|---|---|---|---|---|---|---|---|---|---|---|---|---|
| TBHIS | Central Library and Information Centre Sibsagar Girls College | Central Library and Information Centre Sibsagar Girls College | HISTORY RACK | 01.08.2006 | 1 | 338.5 AND | 21174 | 30.01.2024 | 30.01.2024 | 1 | 27.02.2020 | Books | V |